Fr. Conceicao Rodrigues College of Engineering

Plant Engineering Handbook (Record no. 23609)

MARC details
000 -LEADER
fixed length control field 00288nam a2200133Ia 4500
082 ## - DEWEY DECIMAL CLASSIFICATION NUMBER
Classification number 621/Sta
100 ## - MAIN ENTRY--PERSONAL NAME
Personal name Staniar/ William
245 ## - TITLE STATEMENT
Title Plant Engineering Handbook
260 ## - PUBLICATION, DISTRIBUTION, ETC.
Name of publisher, distributor, etc. McGraw Hill
Place of publication, distribution, etc. NEWYORK
Date of publication, distribution, etc. 1950
300 ## - PHYSICAL DESCRIPTION
Extent 2007
546 ## - LANGUAGE NOTE
Language note ENGLISH
654 ## - SUBJECT ADDED ENTRY--FACETED TOPICAL TERMS
Focus term Handbook
942 ## - ADDED ENTRY ELEMENTS (KOHA)
Koha item type BOOK
Holdings
Withdrawn status Lost status Damaged status Not for loan Collection Home library Current library Date acquired Total Checkouts Full call number Barcode Date last seen Price effective from Koha item type
        AFT Fr. Agnel's C.Rodrigues College of Engineering Fr. Agnel's C.Rodrigues College of Engineering 17/03/2023   621/Sta AFT1501 17/03/2023 17/03/2023 BOOK